| 000 | 00747nam a2200229 i 4500 | ||
|---|---|---|---|
| 001 | 164675 | ||
| 003 | ES-MaACL | ||
| 005 | 20250714080907.0 | ||
| 008 | 050804s1862 fr | |||||||| ||fre d | ||
| 040 |
_aCAM _bspa _cCAM |
||
| 100 | 1 |
_aSand, George, _d1804-1876 _9103060 |
|
| 245 | 1 | 3 |
_aLe meunier d'Angibault / _cpar George Sand. |
| 250 | _aNouvelle éd. | ||
| 260 |
_aParis : _bMichel Lévy frères libraires-éditeurs, _c1862 ( _ePoissy : _fTypographie Arbieu) |
||
| 300 |
_a377 p. ; _c18 cm. |
||
| 490 | 1 | _aCollection Michel Lévy | |
| 490 | 1 | _aOeuvres de George Sand | |
| 830 | 0 | 0 |
_aCollection Michel Lévy _9182425 |
| 830 | 0 |
_aOeuvres de George Sand _9188465 |
|
| 852 |
_aES-MaACL _jG-14749 _z-- Enc. hol. |
||
| 999 |
_c164675 _d164675 |
||